000 00701cam a22002417a 4500
003 CHAP
005 20220329134218.0
008 971013s r 00010 d
010 _a17042
011 _a18014
035 _a22098
040 _cCHAP
090 _aR-731
100 0 0 _aJenkins, J. H.
_961319
245 1 4 _aThe forests and forest industries of Australia and New Zealand
500 _aSobretiro de : Timber of Canada. May-June, 1958
590 _aBATCH-UPD
_b10
_c20130110
_lUCH01
_h2303
590 _aCONVERSION
_b10
_c20130109
_lUCH01
_h1311
650 1 4 _aIndustrias forestales
_xAustralia.
_957982
901 _aBK
942 _cREIMP
949 _aR-731
_bBC
_cR
_d-51552
_eTS1
_i22098
_si
999 _c17042
_d17042